00538nam a22001697a 450000500170000001000130001702000260003003500110005603700130006708200080008010000350008824500600012324600470018326000410023027000740027130000230034520201221121109.0 aUR-10974 c120.00a9788194230052 aU-9529 bDBAD/PUB a844 qتو قير ا حمد خا ن  aمير ے ا قبا ل cتو قير ا حمد خا ن  bMere Iqbal (Urdu)aby Tauqeer Ahmad Khan  aN.Delhi bAzra Book Tradersc2019 ء a2911,Malhotra Guest House,Darya ganj,bN.Delhie110002k7838395357l- a248 ص c22 Cm(Hb)